000 00207 a2200097 4500
001 3608
100 _aFreund, R
245 _aGerman basic & essentials reader
260 _a
_bNelson
_c
090 _c2872
_d2872
942 _aNUST-CAE
_cM
_c20802
999 _c238681
_d238681